Quiz URSS - Statistiques

Statistiques générales
  • Ce quiz a été pris 148 fois
  • Le résultat moyen est 5 sur 15
Statistiques - réponses
Question Réponse % Correct
Quand a eu lieu la catastrophe de Tchernobyl ? 1986
81%
Quand a débuté la Grande Terreur Stalinienne ? 1938
64%
En quelle année fut boycottée l’URSS par les États-Unis aux Jeux Olympiques d’Été dû à l’invasion en Afghanistan ? 1980
52%
Comment s’appelle la grande famine causée par Staline au Kazakhstan et en Ukraine ? Holodomor
43%
Quel “démocratie populaire” d’Europe de l’Est fut la 1èreà lever le rideau de fer en laissant ses habitants sortir de la sphère d’influence de l’URSS en 1989 ? Hongrie
43%
Sur quel lieu historique de Moscou est installé le Mausolée de Lénine ? La place rouge
43%
Quelle est la date (Jour Mois Année) de l’effrondrementde l’URSS ? 25 Décembre 1991
38%
Complétez cette célèbre phrase de Staline : La mort d'un homme est une tragédie. La mort d'un million d'hommes est une… statistique
35%
Quel Secrétaire Général du Parti Communiste soviétique a autorisé le meurtre de Georgi Markov, victime du fameux
“ Parapluie Bulgare “ ?
Leonid Brejnev
33%
Ethel et Julius … furent responsables de la fuite des plans de la bombe atomique en 1949 dans un large plan d’espionnage aux États-Unis, ils étaient connus sous le nom des Époux … ? Rosenberg
25%
Quelle est la devise de l’URSS (issue du manifeste du Parti Communiste de Marx) ? Prolétaires de tous les pays unissez vous
15%
Comment se nomme l’opération visant à repousser l’Allemagne Nazi débutée en Juin 1944 ? Bagration
12%
Sur quel archipel du nord de la Russie fut explosée la Tsar Bomba en 1961 ? Nouvelle Zemble
12%
Quel était le chef du NKVD, bras droit de Staline ayant participé aux Grande Purges staliniennes, surnommé “Le nabot” par ce dernier et fusillé en 1940 ? Nikolaï Iejov
10%
Comment appelle-t-on les logements sociaux construits en préfabriquédurant l’URSS, démocratisée surtout durant la période Khrouchtchev ? Panelka
6%
Aucun quiz correspondant
Distribution des résultats
% des personnes avec chaque résultat
Percentile par nombre de réponses
Votre historique - résultats
Vous n’avez pas pris ce quiz